000 00290nam a22001337a 4500
008 170220b xxu||||| |||| 00| 0 eng d
020 _a9780323045766
041 _aeng
080 _28ED
_a615
100 _a5
101 _aSHF
245 _aDRUG CALCULATIONS
_cMULHOLLAND
942 _2udc
_cBK
999 _c5791
_d5791